<?xml version="1.0" encoding="UTF-8"?>
<collection xmlns="http://www.loc.gov/MARC21/slim">
 <record>
  <leader>01641nam a2200217Ia 4500</leader>
  <controlfield tag="001">CTU_95066</controlfield>
  <controlfield tag="008">210402s9999    xx            000 0 und d</controlfield>
  <datafield tag="020" ind1=" " ind2=" ">
   <subfield code="c">26000</subfield>
  </datafield>
  <datafield tag="082" ind1=" " ind2=" ">
   <subfield code="a">671.53</subfield>
  </datafield>
  <datafield tag="082" ind1=" " ind2=" ">
   <subfield code="b">Đ108</subfield>
  </datafield>
  <datafield tag="100" ind1=" " ind2=" ">
   <subfield code="a">Nguyễn, Tiến Đào</subfield>
  </datafield>
  <datafield tag="245" ind1=" " ind2="0">
   <subfield code="a">Kỹ thuật phay</subfield>
  </datafield>
  <datafield tag="245" ind1=" " ind2="0">
   <subfield code="c">Nguyễn Tiến Đào, Nguyễn Tiến Dũng</subfield>
  </datafield>
  <datafield tag="260" ind1=" " ind2=" ">
   <subfield code="a">Hà Nội</subfield>
  </datafield>
  <datafield tag="260" ind1=" " ind2=" ">
   <subfield code="b">Khoa học và kỹ thuật</subfield>
  </datafield>
  <datafield tag="260" ind1=" " ind2=" ">
   <subfield code="c">2004,2006</subfield>
  </datafield>
  <datafield tag="520" ind1=" " ind2=" ">
   <subfield code="a">Cuốn sách &quot;Kỹ thuật phay&quot; cũng giới thiệu một số khái niệm cơ bản về điều khiển tự động và điều khiển theo chương trình đối với các máy phay tự động, máy phay điều khiển theo chương trình, trên các đường dây gia công... Cuốn sách cũng là một cẩm nang nhằm giúp cho học viên, công nhân cơ khí và những người muốn học nghề cơ khí có những hiểu biết cơ bản để dễ dàng thực hành và nâng bậc, đặc biệt là tiếp cận với các phương pháp gia công hiện đại, tiên tiến. Nó cũng giúp một phần cho các nhà kinh tế, tài chính, ngân hàng, quản trị chất lượng, quản trị doanh nghiệp... trong việc tổ chức, quản lý, chỉ đạo sản xuất, đảm bảo chất lượng và giá thành sản phẩm.</subfield>
  </datafield>
  <datafield tag="650" ind1=" " ind2=" ">
   <subfield code="a">Metal</subfield>
  </datafield>
  <datafield tag="650" ind1=" " ind2=" ">
   <subfield code="x">Cutting</subfield>
  </datafield>
  <datafield tag="904" ind1=" " ind2=" ">
   <subfield code="i">Tuyến</subfield>
  </datafield>
  <datafield tag="980" ind1=" " ind2=" ">
   <subfield code="a">Trung tâm Học liệu Trường Đại học Cần Thơ</subfield>
  </datafield>
 </record>
</collection>
